000 00429nam a2200181Ia 4500
005 20260313094930.0
020 _a9781608315130
050 _aQM 25 .A38/
100 _aAgur, Anne M. R.
245 0 _aGrant's atlas of anatomy
250 _a12th ed.
260 _aPhiladelphia
260 _bLippincott Williams and Wilkins
260 _c2009
300 _a817 p
650 _aAnatomy, Regional--Atlases.
942 _cBK
_2lcc
999 _c44124
_d44124